000 01919nam a2200277 i 4500
003 DO-SdBNP
005 20250701135406.0
007 ta
008 250319t1998 dr 000 0 spa d
040 _aDO-SdBNP
_bspa
_cBNPHU
_erda
082 _a615.11
_bG943f
_222
245 0 0 _aGuía farmacoterapéutica de medicamentos esenciales de la República Dominicana /
264 _aSanto Domingo :
_bEditora Taller,
_c1998.
300 _axxvii, 498 páginas
_c21 cm.
336 _atexto
_btxt
_2rdacontent
337 _asin mediación
_bn
_2rdamedia
338 _avolumen
_bnc
_2rdacarrier
504 _aBibliografía p: 495-498.
505 2 _tAnestésicos generales y locales. Bloqueantes neuromusculares --
_tAnalgésicos, antipiréticos, antiinflamatorios no esteroideos y antigotosos --
_tAntialérgicos, antagonistas H1 de la histamina --
_tAntídotos antagonistas para tratamientos específicos en intoxicaciones --
_tAntiepilépticos, anticonvulsivos --
_tAntibióticos, antiinfecciosos --
_tAntimigrañosos. Antagonistas de la serotonina --
_tAntineoplásicos y agente inmunosupresores --
_tAntiparkinsonianos --
_tAntianémicos. Anticoagulantes y fracción plasmática --
_tCardiovasculares --
_tDermatológicos --
_tDiagnóstico, agentes --
_tDiuréticos --
_tDigestivo, aparato --
_tHormonas, medicamentos endocrinos y contraceptivos --
_tInmunológicos --
_tInhibidores de la colinesterasa --
_tPreparaciones oftalmológicas --
_tOxitócicos y antioxitócicos --
_tSoluciones para diálisis peritoneal --
_tPsicoterápias: antipsicóticos y antidepresivos --
_tMedicamentos respiratorios --
_tTrastornos hídricos. Soluciones electrolíticas y ácido básicas --
_tVitaminas y minerales /
590 _aInventariado, 2025/ YL
650 0 _aProyectos de desarrollo económico
_96643
650 0 _aFarmacología
_987237
650 0 _aMedicamentos esenciales
_987242
910 _aYLockward
942 _2ddc
_cLBS1
999 _c58472
_d58472